|
|
|
|
| LEADER |
00000nab a2200000 a 4500 |
| 001 |
vtls001005668 |
| 003 |
SK-MaSNL |
| 005 |
20260305033745.0 |
| 008 |
040720e19990330xo 0 slo |
| 035 |
|
|
|a RV6268
|
| 040 |
|
|
|a RVGKPD
|b slo
|c RVGKPD
|e AACR2
|
| 041 |
0 |
|
|a slo
|
| 044 |
|
|
|a xo
|c SK
|
| 080 |
|
|
|a 373.31
|2 1981
|
| 080 |
|
|
|a 373.24
|2 1981
|
| 100 |
1 |
|
|a Šmelko, Ján
|4 aut
|9 1025948
|
| 245 |
1 |
0 |
|a Výchova k zdraviu ako súčasť etiky školy
|
| 518 |
|
|
|a 24.03.1999
|
| 610 |
2 |
7 |
|a Školy podporujúce zdravie (projekt)
|2 RVGKPD
|9 33200
|
| 650 |
0 |
7 |
|a školy základné
|2 RVGKPD
|9 390867
|
| 650 |
0 |
7 |
|a materské školy
|2 RVGKPD
|9 1278
|
| 650 |
0 |
7 |
|a konferencie
|2 RVGKPD
|9 19221
|
| 651 |
|
7 |
|a Rožňava (Slovensko : okres)
|2 RVGKPD
|9 19215
|
| 655 |
|
7 |
|a periodikum
|2 snkbucl
|9 29553
|
| 710 |
2 |
|
|a Školy podporujúce zdravie (projekt)
|4 aut
|9 33200
|
| 773 |
0 |
8 |
|t Zora Gemera
|g Roč. 7, č.13, 30.3.1999, s. 2
|
| 852 |
|
|
|a ZVYKNI
|b KIS3GCP
|
| 999 |
|
|
|c 3325670
|d 3327600
|